|
|
|
|
| LEADER |
01478nam a2200385 a 4500 |
| 001 |
35242 |
| 003 |
BD-DhAAL |
| 005 |
20211129144441.0 |
| 008 |
190804r20032001enka 001 0 eng d |
| 999 |
|
|
|c 41090
|d 41090
|
| 010 |
|
|
|a 2001269469
|
| 015 |
|
|
|a GBA0-X6110
|
| 020 |
|
|
|a 0761963499
|
| 020 |
|
|
|a 9780761963493
|
| 020 |
|
|
|a 0761963480
|
| 020 |
|
|
|a 0761963499 (pbk.)
|
| 035 |
|
|
|a (OCoLC)ocm44185115
|
| 040 |
|
|
|a UKM
|c UKM
|d IXA
|d DLC
|d BD-DhAAL
|
| 042 |
|
|
|a lccopycat
|
| 043 |
|
|
|a e-uk---
|
| 050 |
0 |
0 |
|a LB1585.5.G7
|b W46 2001
|
| 082 |
0 |
0 |
|a 372.35044
|2 21
|
| 100 |
1 |
|
|a Wenham, Martin.
|9 33873
|
| 245 |
1 |
0 |
|a 200 science investigations for young students :
|b practical activities for science 5-11 /
|c Martin Wenham.
|
| 246 |
3 |
|
|a Two hundred science investigations for young students
|
| 260 |
|
|
|a London :
|b P. Chapman ;
|a Thousand Oaks, Calif. :
|b SAGE Publications,
|c c2001 [reprinted 2003]
|
| 300 |
|
|
|a x, 278 pages :
|b illustrations ;
|c 25 cm.
|
| 500 |
|
|
|a Includes index.
|
| 526 |
|
|
|a BIED
|
| 541 |
|
|
|a Complementary copy from BIED
|e 35242
|
| 650 |
|
0 |
|a Science
|x Experiments.
|9 33874
|
| 650 |
|
0 |
|a Science
|x Study and teaching (Elementary)
|z Great Britain.
|9 33875
|
| 852 |
|
|
|a Ayesha Abed Library
|c BIED Collection
|
| 942 |
|
|
|2 ddc
|c BK
|
| 952 |
|
|
|0 0
|1 0
|2 ddc
|4 0
|6 372_350440000000000_WEN
|7 0
|9 66114
|a BRACUL
|b BRACUL
|c GEN
|d 2019-09-04
|e Complimentary copy from BIED
|l 0
|o 372.35044 WEN
|p 3010035242
|r 2019-09-04
|t 1
|w 2019-09-04
|y BK
|x Transferred from BIED to General Stacks
|